000 00479cam a2200145 4500500
005 20251012011436.0
041 _afre
042 _adc
100 1 0 _aFleury, Pauline
_eauthor
245 0 0 _aPosition philosophique 1. Ouvrons les frontières
260 _c2015.
500 _a82
786 0 _nPhilosophie magazine | 94 | 11 | 2015-11-01 | p. 13-13 | 1951-1787
856 4 1 _uhttps://shs.cairn.info/magazine-philosophie-magazine-2015-11-page-13?lang=fr&redirect-ssocas=7080
999 _c1523102
_d1523102